Geography Quiz

Random Geography or World Quiz

4-Letter Countries on a Map Quiz Stats

Quiz Updated Apr 14, 2015

Challenge
Share
Tweet
Score 0/10 Timer 01:00
8 Plays Today
% Correct
Peru
90.9%
Cuba
88.3%
Iran
85.3%
Iraq
84.5%
Chad
83.2%
Oman
82%
Laos
80.2%
Fiji
75.1%
Mali
74%
Togo
68.6%

You're not logged in!

Compare scores with friends on all Sporcle quizzes.
Join for Free
OR
Log In

You Might Also Like...

Show Comments

Extras

Top Quizzes Today


Score Distribution

Your Account Isn't Verified!

In order to create a playlist on Sporcle, you need to verify the email address you used during registration. Go to your Sporcle Settings to finish the process.

Report this User

Report this user for behavior that violates our Community Guidelines.

Details: